| 000 | 00537nam a2200157 a 4500 | ||
|---|---|---|---|
| 008 | 120416s0000 ||||||||||||||||| || u | ||
| 020 | _a0333444671 | ||
| 050 | _aRC 440 Men | ||
| 100 | _aMorton-Cooper, Alison | ||
| 245 | 1 | 0 |
_aMental handicap _cedited by Alan Parrish |
| 260 |
_aLondon _bMacmillan _c1987 |
||
| 300 | _axiii, 85p : ill | ||
| 350 | _a0.00 | ||
| 700 | _aParrish, Alan | ||
| 995 |
_D0.00 _FCBU-MAIN LIBRARY (Kitwe) _H1 _I7.00 _UAVAILABLE _ZMain Library Open Access Collection |
||
| 999 |
_c50991 _d50991 |
||